PRESNOSŤ HODNOTENIA PREDPOVEDE KLIMATICKÝCH PODMIENOK

Podrobná bibliografia
Hlavní autori: Rak, Juraj (Autor), Zeman, Vladimír (Autor)
Médium: Článok
Jazyk:slovenčina

MARC

LEADER 00000nab a2200000ua 4500
001 vtls010842301
003 SK-MaSNL
005 20260303103939.0
008 230121s1993 xo |||||||||||||||||slo|
035 |a (urnnbn)urn:nbn:sk:snk:ar-a06z6l 
035 |a urn:nbn:sk:snk-ab64ni 
035 |a (uuid)4a999eb2-0fe6-4548-95ee-8f90f8a4e073 
040 |a SNKBUCL  |b slo  |c SNKBUCL  |e AACR2 
041 0 |a slo 
044 |a xo  |c SK 
100 1 |a Rak, Juraj  |4 aut  |9 945812 
245 1 0 |a PRESNOSŤ HODNOTENIA PREDPOVEDE KLIMATICKÝCH PODMIENOK  |c Juraj Rak, Vladimír Zeman 
700 1 |a Zeman, Vladimír  |4 aut  |9 288367 
773 0 |t Meteorologické zprávy  |g Roč. 46, č. 4 (1993), s. 126-127 
954 |a odborná, vedecká literatúra pôvodná (slovenská)  |2 lita 
958 |a OND 
958 |a EUIPO 
958 |a article5 
999 |c 1853196  |d 1855126